Responses for Show #6534 - Thursday, January 31, 2013

2013 Teen Tournament quarterfinal game 2.

Contestants

[<< previous game]

Katie Stone, a senior from El Paso, Texas

Nilai Sarda, a freshman from Marietta, Georgia

Brittany Poppen, a junior from Goodyear, Arizona

[next game >>]

Jeopardy! Round responses

ONE DIRECTION
FILL IN THE BOOK TITLE
SPORTS TALK
BREAKFAST CEREALS
MEMBERS OF MI FAMILIA
NEAR THE END OF THE CENTURY
    $200 14
spray

Nilai
    $200 4
Great Expectations

Brittany
    $200 29
pattern

Triple Stumper
    $200 1
Rice Krispies

Katie
    $200 22
father

Katie
    $200 30
the Moors

Nilai
    $400 16
square dance

Nilai
    $400 5
The Time Machine

Katie
    $400 28
butterfly

Nilai
    $400 2
Cocoa Puffs

Brittany
    $400 21
children

Brittany
    $400 19
Richard the Lionhearted

Katie
    $600 23
batteries

Brittany
    $600 6
Go Tell It on the Mountain

Brittany
    $600 11
downtown

Nilai
    $600 3
Honey Nut Cheerios

Katie
    $600 20
sister

Brittany
    $600 27
(Brittany: What is Passover?)

Good Friday

BrittanyNilai
    $800 15
a number 2 pencil

Katie
    $800 7
The Tin Drum

Brittany
    $800 9
pitcher

Nilai
    $800 25
Wheaties

Katie
    $800 17
uncle

Nilai
    $1,000 12
Egypt

Nilai
    $1000 24
(Alex: That old joke is way before your time obviously. [*]! That's how you get to Carnegie Hall.
[*]!

practice

Triple Stumper
    $1000 8
Howard's End

Nilai
    $1000 10
bicycle kick

Nilai
    $1000 26
(Nilai: What is Cinnamon Toast Crunch?)
(Brittany: What is Oops! All Berries?)

Peanut Butter (Crunch)

BrittanyNilai
Triple Stumper
    $1000 18
grandfather

Nilai
    $1000 13
the Boer War

Katie

Scores at the first commercial break (after clue 15):

Brittany Nilai Katie
$2,000 $4,600 $3,000

Scores at the end of the Jeopardy! Round:

Brittany Nilai Katie
$2,000 $7,000 $4,400

Double Jeopardy! Round responses

INDIA
GO "OME"
(Alex: Those three letters are gonna come up in each correct response.)
MEET THE MONOTREMES!
AFTER SCHOOL
JEWISH STARS
(Alex: And I invite you to go...)
AROUND THE WHITE HOUSE WITH ALEX
    $400 3
the Taj Mahal

Nilai
    $400 8
dome

Nilai
    $400 19
mammals

Brittany
    $400 1
drama

Katie
    $400 30
Natalie Portman

Katie
    $400 26
the press room

Nilai
    $800 29
Mumbai

Nilai
    $800 13
gnome

Nilai
    $800 18
reptiles

Brittany
    $800 2
debate

Nilai
    $800 7
Drake

Triple Stumper
    $800 15
the Washington Monument & the Jefferson Memorial

Nilai
    $1200 28
Portugal

Katie
    $1200 12
tome

Katie
    $1200 17
duck-billed

Katie
    $1200 21
(Brittany: What is fencing?)

chess club

BrittanyNilai
    $1200 6
Bar Refaeli

Triple Stumper
    $1200 14
(Nilai: What is 1992?)
...
(Alex: [*] for President Clinton, yes.)

1993

BrittanyNilai
    $2,200 9
Sri Lanka

Nilai
    $1600 10
chrome

Katie
    $1600 16
(Katie: What is a hedgehog?)

spiny anteater

Katie
Triple Stumper
    $1600 22
Key Club

Brittany
    $1600 4
Aly Raisman

Katie
    $1600 25
the Blue Room

Brittany
    $2000 27
(Brittany: What is landlocked?)

subcontinent

BrittanyNilai
    $2000 11
chromosome

Katie
    $2000 20
(Nilai: What is Tasmania?)

New Guinea

Nilai
Triple Stumper
    $2000 23
Future Educators Association

Nilai
    $2000 5
Matisyahu

Triple Stumper
    $1,000 24
the South Lawn

Nilai

Scores at the end of the Double Jeopardy! Round:

Brittany Nilai Katie
$4,400 $16,600 $12,400

Final Jeopardy! Round responses

FUNDRAISING
(Alex: Juliette Gordon Low is the founder of the Girl Scouts.)
BrittanyWhat are books?
$3,000
KatieWhat are Girl Scout cookies?
$1,400
NilaiWhat are Girl Scout cookies?
$1,400
Girl Scout cookies

Final scores:

Brittany Nilai Katie
$1,400 $18,000 $13,800
3rd place: $5,000 if eliminated Automatic semifinalist 2nd place: $5,000 if eliminated

Game dynamics:

Coryat scores:

Brittany Nilai Katie
$4,400 $16,800 $12,400
12 R,
4 W
24 R
(including 3 DDs),
3 W
16 R,
1 W

Combined Coryat: $33,600

[game clues] [game scores] [suggest correction]

Game tape date: 2012-11-19
The J! Archive is created by fans, for fans. Scraping, republication, monetization, and malicious use prohibited; this site may use cookies and collect identifying information. See terms. The Jeopardy! game show and all elements thereof, including but not limited to copyright and trademark thereto, are the property of Jeopardy Productions, Inc. and are protected under law. This website is not affiliated with, sponsored by, or operated by Jeopardy Productions, Inc. Join the discussion at JBoard.tv.